=LDR 00000nam 2200000 4500 =001 INLIS000000000020283 =005 20130612115240 =008 ***********************************Ind** =035 ##$$a0010-061300000020283 =041 ##$$a Ind =082 ##$$a 2x5.2 =090 ##$$a 2x5.2, Sol m =100 ##$$a Solihin =245 ##$$a Melacak pemikiran tasauf di nusantara, oleh Dr. M. Solihin, M.Ag =260 ##$$a 2005 $b Jakarta =300 ##$$a x, 349 hlm, 21 cm =650 ##$$a Tasawuf =850 ##$$a NBPNMAT =990 ##$$a 0001/BPAP-NTB/20142014